Selected environmental law statutes. (Record no. 3585)

MARC details
000 -LEADER
fixed length control field 02261cas a2200553 a 4500
001 - CONTROL NUMBER
control field 12039560
003 - CONTROL NUMBER IDENTIFIER
control field OSt
005 - DATE AND TIME OF LATEST TRANSACTION
control field 20230704090646.0
008 - FIXED-LENGTH DATA ELEMENTS--GENERAL INFORMATION
fixed length control field 000613c19889999mnuar l 0 a0eng c
010 ## - LIBRARY OF CONGRESS CONTROL NUMBER
LC control number sn 93033828
016 7# - NATIONAL BIBLIOGRAPHIC AGENCY CONTROL NUMBER
Record control number 018486068
Source Uk
022 0# - INTERNATIONAL STANDARD SERIAL NUMBER
International Standard Serial Number 1076-6936
ISSN-L 1076-6936
Source 1
035 ## - SYSTEM CONTROL NUMBER
System control number (OCoLC)ocm18807022
037 ## - SOURCE OF ACQUISITION
Source of stock number/acquisition West Group, 610 Opperman Drive, P.O. Box 64526, St. Paul, MN 55164-0526
040 ## - CATALOGING SOURCE
Original cataloging agency JAL
Language of cataloging eng
Transcribing agency JAL
Modifying agency IUL
-- NSD
-- WAU
-- DLC
-- HVL
-- OCLCQ
-- OCLCF
-- YDXCP
-- OCLCA
-- LRP
-- OCLCA
-- OCLCQ
-- UKMGB
-- NJR
-- OCLCO
-- OCL
042 ## - AUTHENTICATION CODE
Authentication code pcc
-- nsdp
043 ## - GEOGRAPHIC AREA CODE
Geographic area code n-us---
050 00 - LIBRARY OF CONGRESS CALL NUMBER
Classification number KF3775.A29
Item number U572
082 10 - DEWEY DECIMAL CLASSIFICATION NUMBER
Classification number 344
Edition number 12
Item number WES
110 1# - MAIN ENTRY--CORPORATE NAME
Corporate name or jurisdiction name as entry element United States.
210 0# - ABBREVIATED TITLE
Abbreviated title Sel. environ. law statut.
Qualifying information (Educ. ed.)
222 #0 - KEY TITLE
Key title Selected environmental law statutes
Qualifying information (Educational ed.)
240 10 - UNIFORM TITLE
Uniform title Selected environmental law statutes (Educational edition)
245 10 - TITLE STATEMENT
Title Selected environmental law statutes.
250 ## - EDITION STATEMENT
Edition statement Educational ed.
260 ## - PUBLICATION, DISTRIBUTION, ETC. (IMPRINT)
Place of publication, distribution, etc. St. Paul, Minn. :
Name of publisher, distributor, etc. West Pub. Co.
300 ## - PHYSICAL DESCRIPTION
Extent volumes ;
Dimensions 25 cm
310 ## - CURRENT PUBLICATION FREQUENCY
Current publication frequency Annual
336 ## - CONTENT TYPE
Content type term text
Content type code txt
Source rdacontent
337 ## - MEDIA TYPE
Media type term unmediated
Media type code n
Source rdamedia
338 ## - CARRIER TYPE
Carrier type term volume
Carrier type code nc
Source rdacarrier
362 1# - DATES OF PUBLICATION AND/OR SEQUENTIAL DESIGNATION
Dates of publication and/or sequential designation Began with 1987-88?
550 ## - ISSUING BODY NOTE
Issuing body note Issued by: West Publishing Co., <1981-1996>; by: West Group, 1997- ; by Thomson/West, <2008->
588 ## - SOURCE OF DESCRIPTION NOTE
Source of description note Description based on: 1990-91.
588 ## - SOURCE OF DESCRIPTION NOTE
Source of description note Latest issue consulted: 2008/2009.
650 #0 - SUBJECT ADDED ENTRY--TOPICAL TERM
Topical term or geographic name as entry element Environmental law
Geographic subdivision United States.
650 #7 - SUBJECT ADDED ENTRY--TOPICAL TERM
Topical term or geographic name as entry element Environmental law.
Source of heading or term fast
Authority record control number (OCoLC)fst00913122
651 #7 - SUBJECT ADDED ENTRY--GEOGRAPHIC NAME
Geographic name United States.
Source of heading or term fast
Authority record control number (OCoLC)fst01204155
655 #7 - INDEX TERM--GENRE/FORM
Genre/form data or focus term Periodicals.
Source of term fast
Authority record control number (OCoLC)fst01411641
655 #7 - INDEX TERM--GENRE/FORM
Genre/form data or focus term Periodicals.
Source of term lcgft
710 2# - ADDED ENTRY--CORPORATE NAME
Corporate name or jurisdiction name as entry element West Publishing Company.
710 2# - ADDED ENTRY--CORPORATE NAME
Corporate name or jurisdiction name as entry element West Group.
775 1# - OTHER EDITION ENTRY
Main entry heading United States.
Title Selected environmental law statutes
Record control number (DLC) 87640264
-- (OCoLC)7295138
776 08 - ADDITIONAL PHYSICAL FORM ENTRY
Relationship information Online version:
Main entry heading United States.
Title Selected environmental law statutes (Educational edition)
Record control number (OCoLC)762542803
906 ## - LOCAL DATA ELEMENT F, LDF (RLIN)
a 7
b cbc
c serials
d 2
e ncip
f 19
g n-oclcserc
942 ## - ADDED ENTRY ELEMENTS (KOHA)
Source of classification or shelving scheme Dewey Decimal Classification
Koha item type Books
Holdings
Withdrawn status Lost status Source of classification or shelving scheme Damaged status Not for loan Home library Current library Date acquired Total Checkouts Full call number Barcode Date last seen Price effective from Koha item type
    Dewey Decimal Classification     County Hall Archives County Hall Archives 07/04/2023   344 WES 10003205 07/04/2023 07/04/2023 Books
LIBRARY OPENING HOURS

When the Parliament is sitting: 8.00a.m - 7.00p.m or until the house adjourns
Mondays and Fridays and when the House is on Recess:  8.00a.m - 5.00p.m
Closed on Weekends and Public Holidays

Online Public Access Catalog (OPAC)
Website: http://www.parliament.go.ke
Bunge Library: https://libraryir.parliament.go.ke
Contact: library@parliament.go.ke | Tel no: (254-2)2221291 or 2848000 Ext 5043